<?xml version="1.0" encoding="UTF-8"?>
<record
    xmlns:xsi="http://www.w3.org/2001/XMLSchema-instance"
    xsi:schemaLocation="http://www.loc.gov/MARC21/slim http://www.loc.gov/standards/marcxml/schema/MARC21slim.xsd"
    xmlns="http://www.loc.gov/MARC21/slim">

  <leader>00358nam a2200157   4500</leader>
  <controlfield tag="008">190521s1997||||xo                      d</controlfield>
  <datafield tag="245" ind1="1" ind2="0">
    <subfield code="a">Psychiatrick&#xE9; vy&#x161;etrenie</subfield>
  </datafield>
  <datafield tag="260" ind1=" " ind2=" ">
    <subfield code="b">V F</subfield>
    <subfield code="a">Trenc&#xED;n</subfield>
    <subfield code="c">1997</subfield>
  </datafield>
  <datafield tag="020" ind1=" " ind2=" ">
    <subfield code="a">8096727737</subfield>
    <subfield code="c">0</subfield>
  </datafield>
  <datafield tag="100" ind1="1" ind2=" ">
    <subfield code="a">Kind Hans</subfield>
    <subfield code="9">1098</subfield>
  </datafield>
  <datafield tag="250" ind1=" " ind2=" ">
    <subfield code="a">1.vydanie</subfield>
  </datafield>
  <datafield tag="300" ind1=" " ind2=" ">
    <subfield code="a">156s.</subfield>
  </datafield>
  <datafield tag="041" ind1="1" ind2=" ">
    <subfield code="a">slo</subfield>
  </datafield>
  <datafield tag="044" ind1=" " ind2=" ">
    <subfield code="a">xo</subfield>
    <subfield code="c">SK</subfield>
  </datafield>
  <datafield tag="958" ind1=" " ind2=" ">
    <subfield code="a">A</subfield>
  </datafield>
  <datafield tag="999" ind1=" " ind2=" ">
    <subfield code="c">22390</subfield>
    <subfield code="d">22390</subfield>
  </datafield>
  <datafield tag="952" ind1=" " ind2=" ">
    <subfield code="0">0</subfield>
    <subfield code="1">0</subfield>
    <subfield code="2">udc</subfield>
    <subfield code="4">0</subfield>
    <subfield code="7">0</subfield>
    <subfield code="8">D</subfield>
    <subfield code="a">10000</subfield>
    <subfield code="b">10000</subfield>
    <subfield code="d">2019-05-10</subfield>
    <subfield code="i">20721</subfield>
    <subfield code="l">1</subfield>
    <subfield code="o">V328</subfield>
    <subfield code="p">V328</subfield>
    <subfield code="r">2023-07-04</subfield>
    <subfield code="s">2023-05-15</subfield>
    <subfield code="w">2019-12-12</subfield>
    <subfield code="y">OLDO</subfield>
  </datafield>
</record>
